<?xml version="1.0" encoding="UTF-8"?><?xml-stylesheet type="text/xsl" href="static/style.xsl"?><OAI-PMH xmlns="http://www.openarchives.org/OAI/2.0/" xmlns:xsi="http://www.w3.org/2001/XMLSchema-instance" xsi:schemaLocation="http://www.openarchives.org/OAI/2.0/ http://www.openarchives.org/OAI/2.0/OAI-PMH.xsd"><responseDate>2026-06-01T09:55:33Z</responseDate><request verb="GetRecord" identifier="oai:riuma.uma.es:10630/26492" metadataPrefix="marc">https://riuma.uma.es/rest/oai/request</request><GetRecord><record><header><identifier>oai:riuma.uma.es:10630/26492</identifier><datestamp>2026-02-03T10:57:28Z</datestamp><setSpec>com_10630_2254</setSpec><setSpec>col_10630_37953</setSpec></header><metadata><record xmlns="http://www.loc.gov/MARC21/slim" xmlns:dcterms="http://purl.org/dc/terms/" xmlns:doc="http://www.lyncode.com/xoai" xmlns:xsi="http://www.w3.org/2001/XMLSchema-instance" xsi:schemaLocation="http://www.loc.gov/MARC21/slim http://www.loc.gov/standards/marcxml/schema/MARC21slim.xsd">
   <leader>00925njm 22002777a 4500</leader>
   <datafield ind2=" " ind1=" " tag="042">
      <subfield code="a">dc</subfield>
   </datafield>
   <datafield ind2=" " ind1=" " tag="720">
      <subfield code="a">Oliveira, Marília R.</subfield>
      <subfield code="e">author</subfield>
   </datafield>
   <datafield ind2=" " ind1=" " tag="720">
      <subfield code="a">Cecilia-Buenestado, Juan Antonio</subfield>
      <subfield code="e">author</subfield>
   </datafield>
   <datafield ind2=" " ind1=" " tag="720">
      <subfield code="a">De Conto, Juliana F.</subfield>
      <subfield code="e">author</subfield>
   </datafield>
   <datafield ind2=" " ind1=" " tag="720">
      <subfield code="a">Egues, Silvia M.</subfield>
      <subfield code="e">author</subfield>
   </datafield>
   <datafield ind2=" " ind1=" " tag="720">
      <subfield code="a">Rodríguez-Castellón, Enrique</subfield>
      <subfield code="e">author</subfield>
   </datafield>
   <datafield ind2=" " ind1=" " tag="260">
      <subfield code="c">2022-12-31</subfield>
   </datafield>
   <datafield ind2=" " ind1=" " tag="520">
      <subfield code="a">It is known that the world scenario is one of constant search for sustainable technologies that can reduce the emission of carbon dioxide (CO2) in the atmosphere. This is because CO2 is seen as the main responsible for the increase in the generation of greenhouse gases, which leads to global warming and climate change. The development of efficient adsorbents for CO2 capture is a current challenge. MCM-41 and SBA-15 were synthesized in a microwave reactor and used as adsorbents in this work. Microwave irradiation presents itself as an easy synthesis strategy with less preparation time and energy requirement. The silica synthesis period was extremely reduced (1 h) at a temperature of 60 and 80 °C in the microwave reactor, obtaining silica with good textural and chemical properties. The CO2 adsorption isotherms were performed at 0, 25, and 40 °C at 1 bar. The MCM-41 and SBA-15 present favorable results for CO2 capture processes, showing that pure silica synthesized by microwave already obtains promising results, reaching a maximum adsorption capacity of 2.16 mmol g−1 (1 bar—0 °C) and a good fit for the Langmuir, DsL and Toth models. Furthermore, to increase CO2 adsorption, the mesoporous silica was also modified via impregnation with branched polyethylene diamine (PEI) or tetraethylenepentamine (TEPA). It is worth mentioning that microwave irradiation reduced the synthesis steps and improved the properties and adsorption capacity of the silica. This work opens new opportunities in the efficient preparation of materials that require optimizing the adsorbent synthesis process.</subfield>
   </datafield>
   <datafield ind1="8" ind2=" " tag="024">
      <subfield code="a">Oliveira, M. R., Cecilia, J. A., De Conto, J. F., Egues, S. M., &amp; Rodríguez-Castellón, E. (2023). Rapid synthesis of MCM-41 and SBA-15 by microwave irradiation: promising adsorbents for CO2 adsorption. Journal of Sol-Gel Science and Technology, 105(2), 370-387.</subfield>
   </datafield>
   <datafield ind1="8" ind2=" " tag="024">
      <subfield code="a">https://hdl.handle.net/10630/26492</subfield>
   </datafield>
   <datafield ind1="8" ind2=" " tag="024">
      <subfield code="a">https://doi.org/10.1007/s10971-022-06016-3</subfield>
   </datafield>
   <datafield tag="653" ind2=" " ind1=" ">
      <subfield code="a">Plantas -- Efectos del dióxido de carbono atmosférico</subfield>
   </datafield>
   <datafield tag="653" ind2=" " ind1=" ">
      <subfield code="a">Microondas</subfield>
   </datafield>
   <datafield ind2="0" ind1="0" tag="245">
      <subfield code="a">Rapid synthesis of MCM-41 and SBA-15 by microwave irradiation: promising adsorbents for CO2 adsorption</subfield>
   </datafield>
</record>
</metadata></record></GetRecord></OAI-PMH>